[Event "XXVI Open A"]
[Site "Bratto ITA"]
[Date "2006.08.26"]
[Round "8"]
[White "Efimov,Ig"]
[Black "Schuurman,P"]
[Result "0-1"]
[WhiteElo "2439"]
[BlackElo "2219"]

1.d4 Nf6 2.c4 e6 3.Nf3 b6 4.a3 Bb7 5.Nc3 g6 6.d5 Bg7 7.e4 O-O 8.Be2 d6 9.O-O Nbd7
10.Re1 a6 11.Bg5 Qe8 12.Bd3 Nh5 13.Bc2 h6 14.Bd2 Rd8 15.Qc1 Kh7 16.g4 Nhf6
17.g5 Ng8 18.gxh6 Bxh6 19.Bxh6 Nxh6 20.Ng5+ Kg7 21.f4 e5 22.f5 Bc8 23.fxg6 Nf6
24.gxf7 Nxf7 25.Re2 Nxg5 26.Qxg5+ Kh8 27.Rg2 Qd7 28.Qh6+ Nh7 29.Kh1 Rf6 30.Qh4 Qh3
31.Qxh3 Bxh3 32.Rg3 Bf1 33.b3 Rf2 34.Bd1 Rg8 35.Kg1 Rf4 36.Bh5 Bh3 37.Bg6 Rg4
38.Rxg4 Bxg4 39.Bxh7 Kxh7 40.Kf2 Rf8+ 41.Kg3 Bh5 42.Rc1 Rf3+ 43.Kg2 Kh6 44.b4 Kg5
45.a4 Rd3 46.Rc2 Rd4 47.a5 bxa5 48.b5 axb5 49.Nxb5 Rxe4 50.Kf2 Bd1 51.Rc3 Re2+
52.Kf1 Rxh2 53.Nxc7 Rc2 54.Rg3+ Kf4 55.Ra3 Rxc4 56.Nb5 a4 57.Nxd6 Rc1 58.Ke1 Bb3+
59.Ke2 Rc2+ 60.Kd3 Rc5 61.Ne8 e4+ 62.Ke2 Rc2+ 63.Ke1 Kf3  0-1

[Event "3rd Dato Arthur Tan"]
[Site "Kuala Lumpur MAS"]
[Date "2006.08.26"]
[Round "10"]
[White "Dao Thien Hai"]
[Black "Rahman,Zia"]
[Result "1/2-1/2"]
[WhiteElo "2549"]
[BlackElo "2534"]

1.d4 e6 2.c4 Nf6 3.Nf3 b6 4.a3 Bb7 5.Nc3 d5 6.Bg5 Be7 7.Qa4+ c6 8.Bxf6 Bxf6
9.cxd5 exd5 10.g3 O-O 11.Bg2 c5 12.Rd1 c4 13.Ne5 a6 14.Ng4 Bg5 15.h4 f5 16.hxg5 fxg4
17.Qc2 g6 18.b3 b5 19.bxc4 bxc4 20.Rb1 Bc6 21.Qd2 Ra7 22.O-O Rd7 23.e4 dxe4
24.d5 Qa5 25.Bxe4 Qxa3 26.Bg2 Bb5 27.Nxb5 axb5 28.Rxb5 Qd6 29.Qd4 Nc6 30.Qxg4 Ne5
31.Qe6+ Nf7 32.Rb6 Qc7 33.Rc6 Qd8 34.f4 Re7 35.Qf6 Ne5 36.fxe5 Rxf6 37.gxf6 Rxe5
38.Bh3 Rxd5 39.f7+ Kf8 40.Rc8 Qxc8 41.Bxc8 Rd6 42.Rc1 Kxf7 43.Rxc4 h5 44.Bb7 Kf6
45.Be4 Kg5 46.Kg2 Kh6 47.Kf3 Rf6+ 48.Ke3 Kg5 49.Bf3 Re6+ 50.Kf2 Kh6 51.Rc5 Kg7
52.Be2 Kh6 53.Bd3 Kg7 54.Ra5 Kh6 55.Kf3 Kg7 56.Rc5 Kh6 57.Kg2 Rf6 58.Kh3 Rd6
59.Bb5 Rf6 60.Kh4 Rf2 61.Kh3 Rf6 62.Rc6 Rf5 63.Bd3 Rg5 64.Rd6 Kg7 65.Be4 Rg4
66.Bf3 Rb4 67.Be2 Kh6 68.Rc6 Rd4 69.Bc4 Rg4 70.Be6 Rg5 71.Rd6 Re5 72.Kg2 Kg7
73.Kf3 Ra5 74.Bd5 Kh6 75.Be4 Rg5 76.Rd8 Kg7 77.Rc8 Kh6 78.Rc7 Rg4 79.Bd5 Rg5
80.Be6 Re5 81.Rc6 Ra5 82.Kf4 Ra4+ 83.Bc4 Ra5 84.Rc7 Rf5+ 85.Ke4 Rg5 86.Kf3 Rg4
87.Be6 Ra4 88.Rc6 Ra5 89.Rd6 Kg7 90.Bd5 Kh6 91.Kf4 Rb5 92.g4 hxg4 93.Be4 Rg5
94.Kg3 Kg7 95.Rd7+ Kh6 96.Re7 Ra5 97.Re6 Rg5 98.Re8 Ra5 99.Kxg4 Ra6 100.Rb8 Kg7
101.Kf4 Kh6 102.Rb7 Rf6+ 103.Ke5 Ra6  1/2-1/2

[Event "XXVI Open A"]
[Site "Bratto ITA"]
[Date "2006.08.27"]
[Round "9"]
[White "Grooten,H"]
[Black "Komarov,D"]
[Result "0-1"]
[WhiteElo "2362"]
[BlackElo "2530"]

1.d4 Nf6 2.c4 e6 3.Nf3 b6 4.a3 Bb7 5.Nc3 d5 6.Bg5 Be7 7.Bxf6 Bxf6 8.Qa4+ Bc6
9.Qb3 dxc4 10.Qxc4 Bxf3 11.gxf3 Qxd4 12.Qxc7 O-O 13.Rd1 Na6 14.Rxd4 Nxc7
15.Rc4 Rfc8 16.e3 Ne8 17.Nd1 Nd6 18.Rxc8+ Rxc8 19.Kd2 Nc4+ 20.Bxc4 Rxc4 21.f4 Kf8
22.f3 Rc5 23.b4 Rc6 24.e4 g5 25.fxg5 Bxg5+ 26.Kd3 b5 27.e5 Bf4 28.Re1 Bxh2
29.Nc3 a6 30.Re4 h5 31.Ne2 h4 32.f4 Bg3 33.Re3 Bf2 34.Rh3 Rc4 35.Rf3 Bb6
36.f5 Ke7 37.fxe6 fxe6 38.Rf6 Kd7 39.Rf4 Rxf4 40.Nxf4 Bd8 41.Ke4 Bb6 42.Nh3 Ke7
43.Kd3 Kf7 44.Ke4 a5 45.Kf4 a4 46.Ke4 Ke7 47.Nf4 Kd7 48.Nh3 Bd8 49.Kf3 Be7
50.Nf4 Bxb4 51.axb4 a3 52.Nd3 a2 53.Nc5+ Kc6 54.Nb3 Kd5 55.Na1 Kc4  0-1

[Event "Adolfo Pedrido Mem"]
[Site "Vilagarcia de Arousa ESP"]
[Date "2006.08.27"]
[Round "3"]
[White "Dobrev,N"]
[Black "Patino Romaris,J"]
[Result "1/2-1/2"]
[WhiteElo "2422"]
[BlackElo "2202"]

1.d4 Nf6 2.c4 e6 3.Nf3 b6 4.a3 Bb7 5.Nc3 d5 6.cxd5 Nxd5 7.Bd2 Nd7 8.Qc2 c5
9.e4 Nxc3 10.Bxc3 cxd4 11.Nxd4 a6 12.Bc4 Rc8 13.Qe2 Qh4 14.O-O Nc5 15.f3 Bd6
16.g3 Qh3 17.Rad1 Bb8 18.Nf5 exf5 19.exf5+ Ne4 20.Bxa6 O-O 21.Bxb7 Nxc3 22.bxc3 Rxc3
23.f6 gxf6 24.Rfe1 b5 25.Be4 Rxa3 26.Qb2 Ra6 27.Rd5 Be5 28.Qc2 Rfa8 29.Rxe5 fxe5
30.Bxa8 Rxa8 31.Qc6 Ra2 32.Qe8+ Kg7 33.Qxe5+ Kg6 34.Qe4+ Kg7 35.Qe5+ Kg6
36.Qd6+ Kg7 37.Qd4+ Kg6 38.Qd3+ Kg7  1/2-1/2

[Event "It"]
[Site "Hereford ENG"]
[Date "2006.08.30"]
[Round "3"]
[White "Gormally,D"]
[Black "Devereaux,M"]
[Result "1/2-1/2"]
[WhiteElo "2513"]
[BlackElo "2377"]

1.d4 Nf6 2.Nf3 e6 3.c4 b6 4.a3 Ba6 5.Qc2 Bb7 6.Nc3 c5 7.e4 cxd4 8.Nxd4 Bc5
9.Nb3 Nc6 10.Be2 O-O 11.Bg5 Nd4 12.Nxd4 Bxd4 13.Bd3 h6 14.Bh4 e5 15.Nb5 Bc5
16.b4 Be7 17.Bxf6 Bxf6 18.Nd6 Qc7 19.Nxb7 Qxb7 20.O-O Rac8 21.Rfd1 Be7 22.Rab1 Qc7
23.Be2 a5 24.Rd5 axb4 25.axb4 Ra8 26.g3 d6 27.Rbd1 Ra3 28.c5 bxc5 29.bxc5 Qc6
30.Qc1 Ra2 31.cxd6 Qxc1 32.Rxc1 Bxd6 33.Bc4 Ba3 34.Bxa2 Bxc1 35.Rxe5 Ra8
36.Bd5 Ra7 37.Re8+ Kh7 38.e5 Ba3 39.h4 g6 40.h5 Kg7 41.hxg6 Kxg6 42.f4 Re7
43.Rg8+ Kh7 44.Ra8 Bb2 45.Kg2 Kg7 46.Kf3 Bd4 47.Ke4 Bc3 48.Rc8 Bb2 49.Rc2 Ba1
50.Ra2 Bc3 51.g4 Kf8 52.Kf5 Kg7 53.Rg2 Ra7 54.Rg3 Bb2 55.Rb3 Ba1 56.Rb5 Bc3
57.Bb3 Rd7 58.Rc5 Bd4 59.Rc4 Bb2 60.Ke4 Re7 61.Rc5 Rd7 62.Bc4 Kg6 63.Rc8 Kg7
64.Rc5 Kg6 65.Bd3 Re7 66.f5+ Kg5 67.f6 Ra7 68.Bc4 Kxg4 69.Rc8 Ra4 70.Rc7 Kg5
71.Rc5 h5 72.e6+ Kxf6 73.exf7 Rxc4+  1/2-1/2

[Event "VIII Open"]
[Site "Sants ESP"]
[Date "2006.08.30"]
[Round "6"]
[White "De Andres Gonalons,F"]
[Black "Panelo,M"]
[Result "0-1"]
[WhiteElo "2121"]
[BlackElo "2418"]

1.d4 Nf6 2.c4 e6 3.Nf3 b6 4.a3 Bb7 5.Nc3 d5 6.cxd5 Nxd5 7.e3 g6 8.Nxd5 Qxd5
9.Be2 Bg7 10.O-O O-O 11.b4 c5 12.bxc5 bxc5 13.Rb1 cxd4 14.exd4 Nd7 15.Be3 Nb6
16.Ne1 Qa5 17.Qb3 Rac8 18.Qb4 Qf5 19.Bd3 Be4 20.Rd1 Rfd8 21.Qb1 Bxd3 22.Qxd3 Qa5
23.Nf3 Rc3 24.Bd2 Rxd3 25.Bxa5 Rxa3 26.Bxb6 axb6 27.Rb1 Rb8 28.Rfd1 b5 29.Rb4 Bf8
30.Rb2 Rc3 31.h4 Ba3 32.Rbb1 b4 33.Ne5 Rd8 34.Kf1 Rc2 35.g4 f6 36.Nf3 Rdc8
37.Ne1 Ra2 38.Kg2 Rb2 39.Ra1 Rc4 40.g5 Kf7 41.gxf6 Kxf6 42.Rd3 Ke7 43.Kg3 Kd6
44.Nf3 Rcc2 45.Ne5 Kd5 46.f3 Rg2+ 47.Kf4 Ra2 48.Re1 Rae2 49.Red1 Rc2 50.Ng4 Bc1+
51.Ne3+ Bxe3+ 52.Kxe3 Rce2+ 53.Kf4 h6  0-1

[Event "5th Open"]
[Site "Istanbul TUR"]
[Date "2006.09.02"]
[Round "4"]
[White "Dobrev,N"]
[Black "Miroshnichenko,E"]
[Result "0-1"]
[WhiteElo "2422"]
[BlackElo "2616"]

1.d4 Nf6 2.c4 e6 3.Nf3 b6 4.a3 Bb7 5.Nc3 g6 6.Qc2 Bxf3 7.gxf3 Bg7 8.Bg5 h6
9.Bh4 O-O 10.f4 d5 11.e3 c6 12.b4 Nbd7 13.cxd5 exd5 14.Bg2 b5 15.a4 a5 16.bxa5 b4
17.Ne2 Qxa5 18.O-O Rfc8 19.Rfc1 Nb6 20.Ra2 Nc4 21.Qb3 Rab8 22.Rca1 Qa6 23.a5 Na3
24.Nc1 c5 25.Qa4 Ne4 26.Bf1 c4 27.Ne2 Nb5 28.Rb2 b3 29.f3 Nc5  0-1

[Event "5th Open"]
[Site "Istanbul TUR"]
[Date "2006.09.05"]
[Round "7"]
[White "Bayram,Y"]
[Black "Annageldyev,O"]
[Result "0-1"]
[WhiteElo "2258"]
[BlackElo "2486"]

1.d4 Nf6 2.c4 e6 3.Nf3 b6 4.a3 Bb7 5.Nc3 g6 6.d5 Bg7 7.g3 O-O 8.Bg2 Ba6 9.Qa4 exd5
10.cxd5 Re8 11.Be3 Bb7 12.O-O-O Na6 13.Qh4 Rxe3 14.fxe3 Qe7 15.e4 Qc5 16.Kb1 d6
17.Rhf1 h6 18.g4 Nh7 19.Rd3 Rf8 20.g5 h5 21.Rc1 Qa5 22.Rc2 b5 23.Qe1 Nc5
24.Rd1 Qb6 25.h4 b4 26.axb4 Qxb4 27.e5 Bc8 28.Rd4 Qa5 29.e4 Bd7 30.Rc4 Rb8
31.Qe3 Rb6 32.Na2 Bb5 33.Rxc5 dxc5 34.Qd2 Qa6 35.Rc3 Nf8 36.Nc1 Nd7 37.Nb3 Bc4
38.Qc2 Bf1 39.Bxf1 Qxf1+ 40.Nc1 Nxe5 41.Nd2 Qg1 42.b3 Ra6 43.b4 Nd7 44.Nf3 Bxc3
45.Qxc3 Qf2 46.e5 Rb6 47.e6 fxe6 48.dxe6 Rxe6 49.bxc5 Qxc5 50.Qd3 Qf5 51.Qxf5 gxf5
52.Nd4 Re5 53.Kc2 c5 54.Nc6 Re4  0-1

[Event "ch-U20 Panamerican"]
[Site "Bogota COL"]
[Date "2006.09.06"]
[Round "6"]
[White "Alvarez,Mig MEX"]
[Black "Echeverria Acuca,M"]
[Result "1-0"]
[WhiteElo "2073"]
[BlackElo "2147"]

1.d4 Nf6 2.c4 e6 3.Nf3 b6 4.a3 Bb7 5.Nc3 Be7 6.Qc2 d5 7.Bg5 O-O 8.cxd5 exd5
9.e3 Nbd7 10.Bd3 h6 11.Bh4 c5 12.O-O a6 13.Ne5 Nxe5 14.dxe5 Ng4 15.Bg3 Bh4
16.Qe2 Bc8 17.Qf3 Bxg3 18.Qxg3 f6 19.exf6 Nxf6 20.Rad1 Kh8 21.e4 d4 22.Ne2 Nh5
23.Qg6 Qg5 24.e5 Qxg6 25.Bxg6 Nf4 26.Nxf4 Rxf4 27.g3 Rf8 28.f4 Bf5 29.Bxf5 Rxf5
30.Kg2 Re8 31.Rfe1 g5 32.Kf3 Kg7 33.Ke4 Kg6 34.Rf1 a5 35.b4 axb4 36.axb4 Rd8
37.bxc5 bxc5 38.Rb1 Rf7 39.f5+ Kg7 40.e6 Re8 41.Kd5 Rd8+ 42.Ke5 Re8 43.Rfc1 Rc7
44.f6+ Kg6 45.Kd6 Rec8 46.f7 Kg7 47.Rf1 Rc6+ 48.Kd5 R6c7 49.Rb6 Kf8 50.Rfb1 Rd8+
51.Rd6 Rdc8 52.Rd7 Rxd7+ 53.exd7 Rd8 54.Kd6 d3 55.Re1 Kxf7 56.Rf1+ Kg6 57.Ke7 Rxd7+
58.Kxd7 c4 59.Rd1 Kf5 60.Kd6 Ke4 61.Kc5 c3 62.Kc4 c2 63.Re1+ Kf3  1-0

[Event "ch-U20 Panamerican"]
[Site "Bogota COL"]
[Date "2006.09.08"]
[Round "9"]
[White "Alvarez,Mig MEX"]
[Black "Cordova,Em"]
[Result "0-1"]
[WhiteElo "2073"]
[BlackElo "2434"]

1.d4 Nf6 2.c4 e6 3.Nf3 b6 4.a3 c5 5.d5 Ba6 6.Qc2 exd5 7.cxd5 g6 8.Nc3 Bg7
9.g3 O-O 10.Bg2 d6 11.O-O Re8 12.Re1 b5 13.e4 b4 14.axb4 cxb4 15.Na2 Qb6
16.Qa4 Bb5 17.Qxb4 Na6 18.Qa3 Ng4 19.Be3 Nxe3 20.Qxe3 Qxe3 21.Rxe3 Nc5 22.Nc3 Bd7
23.Bf1 Rab8 24.Rxa7 Rxb2 25.e5 Bh6 26.Re1 Bg4 27.exd6 Rxe1 28.Nxe1 Bd2 29.Nd3 Nxd3
30.Bxd3 Bxc3 31.d7 Rb8 32.h3 Bxh3 33.Kh2 Bg4 34.f3 Rb2+ 35.Kg1 Bd4+ 36.Kf1 Bh3+
37.Ke1 Bc3+ 38.Kd1 Bxd7 39.Rxd7 Rd2+ 40.Kc1 Rxd3 41.Kc2 Rxf3 42.d6 Bf6 43.g4 Rg3
44.Rb7 Rxg4 45.d7 Rd4  0-1

[Event "FSGM September"]
[Site "Budapest HUN"]
[Date "2006.09.10"]
[Round "9"]
[White "Radziewicz,I"]
[Black "Pedersen,Nic"]
[Result "1/2-1/2"]
[WhiteElo "2425"]
[BlackElo "2513"]

1.d4 Nf6 2.c4 e6 3.Nf3 b6 4.a3 Bb7 5.Nc3 d5 6.cxd5 Nxd5 7.Qc2 Nxc3 8.bxc3 Be7
9.e4 Nd7 10.Bd3 O-O 11.e5 h6 12.h4 f5 13.Bc4 Bd5 14.Bxd5 exd5 15.c4 Nb8 16.Bb2 Nc6
17.Rc1 Na5 18.cxd5 Rc8 19.O-O Qxd5 20.Rfe1 c5 21.e6 Bf6 22.e7 Rfe8 23.dxc5 Rxc5
24.Qa4 Qc6 25.Qxc6 Nxc6 26.Bxf6 gxf6 27.Rxc5 bxc5 28.Rc1 Rxe7 29.Rxc5 Ne5
30.Nxe5 Rxe5 31.Rc8+ Kf7 32.Rc7+ Re7 33.Rxe7+ Kxe7 34.Kf1 Ke6 35.Ke2 f4 36.a4 a5
37.Kd3 Kd5 38.h5 f5 39.f3 Ke5 40.Kc3 Kd5 41.Kd3 Kc5 42.Kc3  1/2-1/2

[Event "EU-chB18"]
[Site "Herceg Novi MNE"]
[Date "2006.09.11"]
[Round "2"]
[White "Pankov,Ger"]
[Black "Szabo,Kr1"]
[Result "1-0"]
[WhiteElo "2344"]
[BlackElo "2467"]

1.d4 Nf6 2.c4 e6 3.Nf3 b6 4.a3 Ba6 5.Qc2 Bb7 6.Nc3 c5 7.d5 exd5 8.cxd5 Nxd5
9.Bg5 f6 10.Nxd5 Bxd5 11.O-O-O Be6 12.Bf4 Nc6 13.e4 Na5 14.e5 Bb3 15.Qe4 f5
16.Qxf5 g6 17.Qe4 Bxd1 18.e6 Bxf3 19.exd7+ Kf7 20.Bc4+ Nxc4 21.Qxc4+ Kg7
22.Qc3+ Kg8 23.Qb3+ Kg7 24.Be5+ Kh6 25.Qe3+ g5 26.h4 Qe7 27.hxg5+ Kg6 28.Qd3+ Kxg5
29.Qxf3 Qxe5 30.Rh5+ Kg6 31.Rxe5 Bh6+ 32.Kb1 Rhf8 33.Re6+  1-0

[Event "EU-chB16"]
[Site "Herceg Novi MNE"]
[Date "2006.09.12"]
[Round "3"]
[White "Volodin,Alek"]
[Black "Bojovic,D"]
[Result "1-0"]
[WhiteElo "2354"]
[BlackElo "2153"]

1.d4 e6 2.c4 Nf6 3.Nf3 b6 4.a3 Ba6 5.Qc2 Bb7 6.Nc3 c5 7.e4 cxd4 8.Nxd4 Bc5
9.Nb3 Nc6 10.Bg5 h6 11.Bh4 O-O 12.O-O-O d6 13.Kb1 Ne5 14.Be2 Ng6 15.Bg3 e5
16.h4 Qe7 17.Bf3 Rfd8 18.h5 Nf8 19.Bh4 Ne6 20.Nd5 Bxd5 21.exd5 Nd4 22.Nxd4 Bxd4
23.Rhe1 Qd7 24.Bxf6 gxf6 25.Be4 b5 26.Bf5 Qb7 27.Qe4 bxc4 28.Qg4+ Kh8 29.Rxd4 exd4
30.Qxd4 Re8 31.Qxf6+ Kg8 32.Be4 Rab8 33.Re3 Re5 34.Rg3+ Kf8 35.Qxd6+ Re7
36.Qxh6+ Ke8 37.Rg8+ Kd7 38.Bf5+  1-0

[Event "EU-chG18"]
[Site "Herceg Novi MNE"]
[Date "2006.09.14"]
[Round "5"]
[White "Guichard,P"]
[Black "Purtseladze,M"]
[Result "1-0"]
[WhiteElo "2227"]
[BlackElo "2329"]

1.d4 Nf6 2.c4 e6 3.Nf3 b6 4.a3 Bb7 5.Nc3 d5 6.Qa4+ c6 7.cxd5 exd5 8.g3 Bd6
9.Bg2 Nbd7 10.O-O O-O 11.Bf4 Qe7 12.b4 b5 13.Bxd6 Qxd6 14.Qb3 a5 15.Nd2 Nb6
16.Rfd1 Nc4 17.Nxc4 bxc4 18.Qb2 Rfe8 19.bxa5 Rxa5 20.Qb4 Qc7 21.Rab1 Bc8
22.a4 Bf5 23.Qb6 Qxb6 24.Rxb6 Rc8 25.Rd2 h6 26.Rdb2 Nd7 27.Rb7 Rca8 28.Bf3 Rxa4
29.Nxa4 Rxa4 30.e4 dxe4 31.Bd1 Ra3 32.Kg2 Rd3 33.Ba4 Rxd4 34.Bxc6 Ne5 35.Rb8+ Kh7
36.Ba4 Nd3 37.Ra2 c3 38.Bb3 Ne1+ 39.Kf1 Nf3 40.Ke2 Bg4 41.Ke3 Bh5 42.Bc2 f5
43.Rc8 Rd7 44.Rxc3 Nxh2 45.Kf4 Rd5 46.g4 Nxg4 47.Ra7 Nf6 48.Rcc7 Ne8 49.Re7 Rd2
50.Ba4 Rxf2+ 51.Ke3 Rf3+ 52.Kd4 Rg3 53.Bxe8 Bxe8 54.Rxe8 h5 55.Ke5 Rf3 56.Ree7 Rg3
57.Kxf5 e3 58.Kf4 Rg4+ 59.Kxe3 Kh6 60.Kf3 Rg1 61.Ra6+ g6 62.Re2 Rf1+ 63.Rf2 Rb1
64.Rg2 Rb3+ 65.Kf2 h4  1-0

[Event "TCh-FIN 2006-7"]
[Site "Joensuu FIN"]
[Date "2006.09.17"]
[Round "2"]
[White "Hokkanen,P"]
[Black "Ovod,E"]
[Result "1-0"]
[WhiteElo "2327"]
[BlackElo "2409"]

1.d4 Nf6 2.Nf3 e6 3.c4 b6 4.a3 Ba6 5.Nbd2 c5 6.dxc5 bxc5 7.e4 Nc6 8.b3 Be7
9.Bb2 O-O 10.Qc2 Qc7 11.Bd3 Ng4 12.O-O Bf6 13.Bxf6 Nxf6 14.Qc3 Ng4 15.b4 Nce5
16.h3 Nxd3 17.Qxd3 Nh6 18.e5 Rfd8 19.Ne4 cxb4 20.Nd6 bxa3 21.Rxa3 Bb7 22.Ng5 g6
23.Rfa1 a5 24.Qd2 a4 25.Qf4 Rf8 26.Nxe6 dxe6 27.Qxh6 Bc6 28.Qf4 Ra5 29.Rd1 Qb6
30.Re1 Qb2 31.Ree3 f6 32.exf6 Rxf6 33.Qg3 Ra8 34.f3 Rd8 35.Kh2 e5 36.c5 e4
37.Nxe4 Bxe4 38.fxe4 Rf2 39.Rf3 Re2 40.Rad3 Rxd3 41.Rxd3 Rxe4 42.c6 Re8 43.c7 Qb6
44.Rd7 Qa5 45.Qd6 a3 46.Rd8  1-0

[Event "EU-chB16"]
[Site "Herceg Novi MNE"]
[Date "2006.09.19"]
[Round "9"]
[White "Volodin,Alek"]
[Black "Pileckis,E"]
[Result "1-0"]
[WhiteElo "2354"]
[BlackElo "2253"]

1.d4 Nf6 2.c4 e6 3.Nf3 b6 4.a3 Bb7 5.Nc3 d5 6.cxd5 exd5 7.g3 a6 8.Bg2 Bd6
9.Ne5 Nbd7 10.Nc4 Be7 11.Ne3 c6 12.Nf5 O-O 13.O-O Re8 14.Nxe7+ Qxe7 15.Qb3 h6
16.Bf4 Qe6 17.Rad1 Rac8 18.Rfe1 g5 19.Bc1 c5 20.dxc5 Nxc5 21.Qa2 Nce4 22.Nxe4 dxe4
23.Qb1 Ng4 24.h3 Ne5 25.Be3 b5 26.Bd4 Nc4 27.Qa1 Na5 28.Bc3 Nb3 29.Qb1 f6
30.Bb4 a5 31.Bc3 Kf7 32.Rf1 f5 33.Kh2 Kg6 34.f4 Rcd8 35.g4 Rxd1 36.Qxd1 Rf8
37.e3 Bd5 38.gxf5+ Rxf5 39.h4 Rf8 40.Bh3 Qc6 41.hxg5 hxg5 42.Rg1 Kf7 43.Rxg5  1-0

[Event "19th Moratalaz Open"]
[Site "Madrid ESP"]
[Date "2006.09.20"]
[Round "3"]
[White "Fernandez Garcia,M"]
[Black "Fernandez Aransay,F"]
[Result "1-0"]
[WhiteElo "2317"]
[BlackElo "2046"]

1.d4 Nf6 2.c4 e6 3.Nf3 b6 4.a3 Bb7 5.Nc3 Be7 6.d5 O-O 7.e4 exd5 8.cxd5 d6
9.Bd3 Nbd7 10.Nd4 Ne5 11.Be2 Nfd7 12.O-O Bf6 13.Be3 Re8 14.Rc1 a6 15.b4 b5
16.a4 bxa4 17.Nxa4 Nb6 18.Nxb6 cxb6 19.b5 a5 20.Nc6 Bxc6 21.bxc6 Qc7 22.Rb1 Reb8
23.Qa4 Ng6 24.Rb5 Bc3 25.Rfb1 Bb4 26.Ra1 f6 27.Rxb4 axb4 28.Qxa8 Rxa8 29.Rxa8+ Kf7
30.Ra6 Qe7 31.f3 Qe5 32.Rxb6 Qc3 33.Kf2 b3 34.c7 Ne7 35.Rc6 Qb4 36.c8=Q Nxc8
37.Rxc8 b2 38.Rc7+ Kg6 39.Bd3 b1=Q 40.Bxb1 Qxb1 41.Rc6 Qb2+ 42.Kg3 Qb4 43.Bf4 Kh5
44.h3 f5 45.exf5 g5 46.fxg6 hxg6 47.Bxd6 Qd4 48.Kh2 g5 49.g4+ Qxg4 50.fxg4+  1-0

[Event "Tatry Open"]
[Site "Tatranske Zruby SVK"]
[Date "2006.09.25"]
[Round "3"]
[White "Hanko,P"]
[Black "Cvikl,M"]
[Result "1-0"]
[WhiteElo "2237"]
[BlackElo "2052"]

1.d4 Nf6 2.Nf3 e6 3.c4 b6 4.a3 Bb7 5.Nc3 Be7 6.d5 O-O 7.e4 d6 8.Be2 Re8 9.O-O Bf8
10.Qc2 Nbd7 11.Bg5 h6 12.Bh4 g5 13.Bg3 e5 14.Nd2 Bg7 15.b4 Nf8 16.c5 Ng6
17.Nc4 h5 18.f3 h4 19.Bf2 Nf4 20.a4 Ba6 21.b5 Bc8 22.cxd6 cxd6 23.a5 bxa5
24.Nxa5 Qd7 25.Nc6 N6h5 26.Rxa7 Rxa7 27.Nxa7 Nxg2 28.Kxg2 Qh3+ 29.Kh1 g4
30.fxg4 Bxg4 31.Qd3 Qxd3 32.Bxd3 Bf3+ 33.Kg1 Nf4 34.h3 Nxd3 35.Bxh4 Bh5 36.Nc6 Bh6
37.Ne7+ Kh7 38.Nf5 Bd2 39.Nd1 Bb4 40.Nf2 Bc5 41.Kh2 Be2 42.Rg1 Nxf2 43.Bxf2 Bxf2
44.Rg2 Bxb5 45.Nxd6 Rb8 46.Rxf2 Bd3 47.Nxf7 Kg7 48.Ng5 Kg6 49.h4 Rd8 50.Rd2 Bb1
51.Kg3 Kh5 52.d6  1-0

[Event "Tatry Open"]
[Site "Tatranske Zruby SVK"]
[Date "2006.09.25"]
[Round "4"]
[White "Kebis,M"]
[Black "Pacher,M"]
[Result "0-1"]
[WhiteElo "2036"]
[BlackElo "2227"]

1.Nf3 Nf6 2.d4 e6 3.c4 b6 4.a3 Ba6 5.Qc2 Bb7 6.Nc3 c5 7.d5 exd5 8.cxd5 Nxd5
9.Bg5 Nf6 10.O-O-O Be7 11.e3 O-O 12.Bc4 a6 13.h4 b5 14.Bd3 h6 15.Be4 Nc6
16.Bf5 b4 17.Bxf6 Bxf6 18.Rxd7 Qa5 19.Ne4 bxa3 20.Nxf6+ gxf6 21.bxa3 Qxa3+
22.Qb2 Qxb2+ 23.Kxb2 Rab8 24.Kc3 Nb4 25.Rd6 a5 26.Rh3 Rfd8 27.Rxd8+ Rxd8
28.Kc4 Ba6+ 29.Kb3 Rd1 30.Rg3+ Kf8 31.Rg4 c4+ 32.Kc3 Nd5+ 33.Kc2 Rf1 34.Re4 Rxf2+
35.Kc1 Nc3 36.Rg4 a4 37.Nd2 a3  0-1

[Event "Vojvodina Quality League m"]
[Site "Sremska Mitrovica SRB"]
[Date "2006.09.26"]
[Round "7"]
[White "Bulajic,R"]
[Black "Kostic,Brani"]
[Result "1/2-1/2"]
[WhiteElo "2286"]
[BlackElo "2286"]

1.d4 Nf6 2.c4 e6 3.Nf3 b6 4.a3 Bb7 5.Nc3 d5 6.cxd5 Nxd5 7.Qc2 Nxc3 8.bxc3 Nd7
9.e4 Be7 10.Bd3 c5 11.Qe2 O-O 12.O-O Qc7 13.Bb2 Rfe8 14.Rfe1 Nf8 15.Qe3 Ng6
16.e5 Qc6 17.Re2 Red8 18.a4 a6 19.Ne1 Rac8 20.Qh3 cxd4 21.cxd4 Bg5 22.Re4 h6  1/2-1/2

[Event "7th Veselin Boskovic Mem Op"]
[Site "Beograd SRB"]
[Date "2006.10.02"]
[Round "1"]
[White "Ocokoljic,Z"]
[Black "Bojkovic,N"]
[Result "0-1"]
[WhiteElo "2045"]
[BlackElo "2383"]

1.d4 Nf6 2.Nf3 e6 3.c4 b6 4.a3 Ba6 5.e3 d5 6.Nbd2 Be7 7.Be2 O-O 8.O-O Nbd7
9.cxd5 Bxe2 10.Qxe2 exd5 11.e4 dxe4 12.Nxe4 Re8 13.Nxf6+ Bxf6 14.Qc2 c5 15.dxc5 Nxc5
16.Be3 Qd3 17.Rac1 Rac8 18.b4 Qxc2 19.Rxc2 Nd3 20.Rd2 Nb2 21.Rd7 Nc4 22.Rxa7 Nxe3
23.fxe3 Rxe3 24.Rd1 h6 25.Rdd7 Rc2 26.Rd2 Rxf3  0-1

[Event "Open"]
[Site "Winterthur SUI"]
[Date "2006.10.06"]
[Round "1"]
[White "Zimmerman,Y"]
[Black "Sieber,W"]
[Result "1-0"]
[WhiteElo "2360"]
[BlackElo "1887"]

1.d4 Nf6 2.c4 e6 3.Nf3 b6 4.a3 Bb7 5.Nc3 Be7 6.d5 d6 7.e4 e5 8.Be2 Nbd7 9.b4 O-O
10.O-O Re8 11.Ne1 Nf8 12.Be3 Ng6 13.g3 Bc8 14.Nd3 Bh3 15.Re1 Qd7 16.f3 h5
17.Nf2 Nh7 18.Qd2 Nf6 19.c5 bxc5 20.Bb5 Qc8 21.Bxe8 Nxe8 22.bxc5 Rb8 23.Rab1 Ra8
24.c6 a6 25.Rb7 Nf6 26.Reb1 Bd8 27.Ba7 Kh7 28.Rb8 Rxb8 29.Rxb8  1-0

[Event "Muensterland Open"]
[Site "Senden GER"]
[Date "2006.10.08"]
[Round "2"]
[White "Farago,I"]
[Black "Beutelhoff,J"]
[Result "1-0"]
[WhiteElo "2513"]
[BlackElo "2141"]

1.d4 Nf6 2.c4 e6 3.Nf3 b6 4.a3 Bb7 5.Nc3 d5 6.cxd5 exd5 7.Qa4+ c6 8.Bg5 Be7
9.e3 O-O 10.Bd3 Ne4 11.Bf4 f5 12.O-O g5 13.Bxb8 Qxb8 14.Ne5 Qe8 15.f3 Nc5
16.dxc5 Bxc5 17.f4 Bxe3+ 18.Kh1 Bxf4 19.Nf3 Qh5 20.Rae1 Qh6 21.Ne2 b5 22.Qc2 Bd6
23.Ned4 g4 24.Re6 Rf6 25.Nxf5 Rxe6 26.Nxh6+ Rxh6 27.Qd2 Rh5 28.Nh4 Re8 29.Bf5 Bg3
30.hxg3  1-0

[Event "22nd ECU Club Cup"]
[Site "Feugen AUT"]
[Date "2006.10.09"]
[Round "2"]
[White "Zagorskis,D"]
[Black "Azarov,S"]
[Result "0-1"]
[WhiteElo "2468"]
[BlackElo "2565"]

1.d4 Nf6 2.c4 e6 3.Nf3 b6 4.a3 Bb7 5.Nc3 d5 6.cxd5 Nxd5 7.Qc2 Nxc3 8.bxc3 Be7
9.e4 O-O 10.Bd3 c5 11.O-O Qc8 12.Qe2 Ba6 13.Rd1 Bxd3 14.Rxd3 Nd7 15.e5 cxd4
16.cxd4 Qc4 17.Bg5 Bd8 18.h4 Qd5 19.Rad1 h6 20.Bxh6 gxh6 21.Nh2 Kh7 22.Rg3 Bxh4
23.Qd3+ Kh8 24.Qe3 Bg5 25.f4 f5 26.Rh3 Be7 27.Qe2 Kg7 28.Qh5 Rg8 29.Rg3+ Kh7
30.Qf7+ Kh8 31.Rdd3 Nxe5 32.dxe5 Qc5+ 33.Kf1 Qc1+ 34.Ke2 Bh4  0-1

[Event "7th Veselin Boskovic Mem Op"]
[Site "Beograd SRB"]
[Date "2006.10.10"]
[Round "8"]
[White "Arsovic,G"]
[Black "Romanishin,O"]
[Result "1/2-1/2"]
[WhiteElo "2470"]
[BlackElo "2542"]

1.d4 Nf6 2.Nf3 e6 3.c4 b6 4.a3 Bb7 5.Nc3 g6 6.Qd3 Bg7 7.e4 d6 8.Be2 O-O 9.Qc2 Nbd7
10.O-O Qe7 11.Re1 e5 12.d5 a5  1/2-1/2

[Event "7th Veselin Boskovic Mem Op"]
[Site "Beograd SRB"]
[Date "2006.10.10"]
[Round "8"]
[White "Arsovic,Z"]
[Black "Savic,Miod1"]
[Result "1/2-1/2"]
[WhiteElo "2449"]
[BlackElo "2527"]

1.Nf3 Nf6 2.c4 e6 3.d4 b6 4.a3 Bb7 5.Nc3 d5 6.Bg5 Be7 7.Bxf6 Bxf6 8.cxd5 exd5
9.Qa4+ c6 10.g3 O-O 11.Bg2 Nd7 12.O-O Re8 13.Rfd1 a5 14.Qc2 b5 15.e3 Nb6
16.a4 Rc8 17.Bh3 Rc7 18.Rac1 b4 19.Ne2 Nc4 20.b3 Nd6 21.Ne1 Ba6 22.Nd3 Ne4
23.Bg2 Bc8 24.Nc5 Nd6 25.Nf4 g5 26.Nfd3 Bf5 27.Qd2 h5 28.f4 g4 29.Ne5 Qc8
30.Qe2 Qa8  1/2-1/2

[Event "11th ECU Club Cup w"]
[Site "Feugen AUT"]
[Date "2006.10.10"]
[Round "3"]
[White "Cmilyte,V"]
[Black "Dzagnidze,N"]
[Result "0-1"]
[WhiteElo "2469"]
[BlackElo "2432"]

1.d4 Nf6 2.c4 e6 3.Nf3 b6 4.a3 Bb7 5.Nc3 d5 6.cxd5 Nxd5 7.Qc2 c5 8.e4 Nxc3
9.bxc3 Nc6 10.Bb2 Rc8 11.Rd1 cxd4 12.cxd4 Bd6 13.d5 exd5 14.exd5 Qe7+ 15.Be2 Na5
16.Qa4+ Kd8 17.Bxg7 Rg8 18.Qd4 Nb3 19.Qb2 Rxg7 20.Qxg7 Rc2 21.Qg8+ Kc7 22.O-O Rxe2
23.Qxh7 Ba6 24.Rfe1 Nd2 25.Qc2+ Kd8 26.Rxe2 Nxf3+ 27.Kf1 Nxh2+ 28.Ke1 Bxe2
29.Qxe2 Ng4 30.Qxe7+ Kxe7 31.Rd4 Nf6 32.Ke2 b5 33.Rd3 Bc5 34.Kf3 Kd6 35.g4 Nd7
36.Kg3 Ne5 37.Rb3 a6 38.f4 Nc4 39.g5 Bxa3 40.f5 Bc1 41.g6 fxg6 42.fxg6 Bh6
43.Kg4 Bg7 44.Kf5 Kxd5 45.Rd3+ Kc6 46.Ke6 b4 47.Rd8 b3 48.Rc8+ Kb5 49.Rb8+ Nb6  0-1

[Event "Open"]
[Site "Winterthur SUI"]
[Date "2006.10.10"]
[Round "5"]
[White "Zimmerman,Y"]
[Black "Huss,A"]
[Result "1/2-1/2"]
[WhiteElo "2360"]
[BlackElo "2338"]

1.d4 e6 2.c4 Nf6 3.Nf3 b6 4.a3 c5 5.d5 Ba6 6.Qc2 exd5 7.cxd5 g6 8.Nc3 Bg7
9.e4 Bxf1 10.Kxf1 d6 11.g3 O-O 12.Kg2 Re8 13.Re1 a6 14.a4 Nbd7 15.Nd2 Qe7
16.Nc4 Ng4 17.f4  1/2-1/2

[Event "22nd ECU Club Cup"]
[Site "Feugen AUT"]
[Date "2006.10.11"]
[Round "4"]
[White "Zagorskis,D"]
[Black "Berg,E"]
[Result "1/2-1/2"]
[WhiteElo "2468"]
[BlackElo "2582"]

1.d4 e6 2.Nf3 Nf6 3.c4 b6 4.a3 Ba6 5.Qc2 Bb7 6.Nc3 c5 7.e4 cxd4 8.Nxd4 Bc5
9.Nb3 Nc6 10.Bg5 h6 11.Bh4 Nd4 12.Nxd4 Bxd4 13.Bd3 Qb8 14.Bg3 Be5 15.O-O-O O-O
16.Kb1 d6 17.Bxe5 dxe5 18.f3 Bc6 19.Qf2 Rd8 20.Rd2 Qc7 21.Rhd1 Rd7 22.Bf1 Rad8
23.b4 a5 24.Rxd7 Rxd7 25.Rxd7 Nxd7 26.Qd2 Kf8 27.Kb2 Ke7 28.Be2 Nf6 29.Qe3 Nd7
30.Qd2  1/2-1/2